The swaps handbook : swaps and related risk management instruments

Αποθηκεύτηκε σε:
Λεπτομέρειες βιβλιογραφικής εγγραφής
Κύριος συγγραφέας: Kapner, Kenneth R.
Άλλοι συγγραφείς: Marshall, John F. (John Francis), 1952-
Μορφή: Βιβλίο
Γλώσσα:English
Δημοσίευση: New York : New York Institute of Finance, c1990
Θέματα:
Ετικέτες: Προσθήκη ετικέτας
Δεν υπάρχουν, Καταχωρήστε ετικέτα πρώτοι!

MARC

LEADER 00000cam a2200000 i 4500
001 1/7729
008 000622s1990 eng d
020 |a 0-13-879297-6 
035 |l 10062392 
040 |a GR-MY-UA  |b gre  |e aacr 
041 0 |a eng 
082 0 |a 332.45 
100 1 |a Kapner, Kenneth R. 
245 1 4 |a The swaps handbook :  |b swaps and related risk management instruments /  |c Kenneth R. Kapner, John F. Marshall 
260 |a New York :   |b New York Institute of Finance,   |c c1990 
300 |a xxii, 543 p.;  |b ill.;  |c 24 cm. 
504 |a Includes bibliographical references and index 
650 0 0 |a Swaps (Finance) 
700 1 |a Marshall, John F.   |q (John Francis),   |d 1952- 
852 |a INST  |b CHIOS  |e 20000622  |h 332.45 KAP  |p 005200017942  |q 005200017942  |t BK  |y 0 
901 |a BIBL2-2000-2 
909 |a Χ  |b 075863 
970 |z 2000/06/ΜΠΡΑΤΤΗΣ